000 00243nam a2200109Ia 4500
008 190907s9999||||xx |||||||||||||| ||und||
100 _aDornbusch
245 0 _aMacroeconomics
260 _aUSA
_bFamous Books
_c1995
300 _a523
942 _cBK
999 _c6623
_d6623